Stolice państw graniczących z Brazylią - Statystyki

Ogólne statystyki
  • Ten quiz został rozwiązany 19 razy
    9 od ostatniego zresetowania
  • Średni wynik to 9 z 10
Statystyki odpowiedzi
Stolica % Poprawnych
Bogota
100%
Buenos Aires
100%
Caracas
100%
La Paz
100%
Lima
100%
Asuncion
83%
Georgetown
83%
Montevideo
83%
Paramaribo
67%
Paryż
67%
Nie znaleziono quizów pasujących do podanych kryteriów
Rozkład punktacji
Procent ludzi z każdym wynikiem
Percentyl według liczby udzielonych odpowiedzi
Twoja historia wyników
Nie rozwiązałeś tego quizu od ostatniego zresetowania